000 00514nam a2200181Ia 4500
005 20250326124403.0
008 250326s9999 xx 000 0 und d
037 _aTextbook
040 _aFMSL
_beng
_cFMSL
041 _aeng
_2eng
084 _aX:74 K6
_qFMSL
100 _aButler W F
_9737261
245 0 _aHow business economists forecast
_cButler W F; Kavesh R A
260 _aNew Jersey
_bNew Jersey, Prentice-Hall
_c1966
300 _a540p
942 _cTB
_hX:74 K6
999 _c1273513
_d1273513